साध्वी महिलाऐं / (Record no. 197997)
[ view plain ]
| 000 -LEADER | |
|---|---|
| fixed length control field | 00806nam a22001817a 4500 |
| 005 - DATE AND TIME OF LATEST TRANSACTION | |
| control field | 20230912104702.0 |
| 010 ## - LCCN (DPL NO) | |
| LC control number | HIN-125897 |
| 020 ## - INTERNATIONAL STANDARD BOOK NUMBER | |
| International Standard Book Number | 9789386044518 |
| Terms of availability | 495.00 |
| 035 ## - SYSTEM CONTROL NUMBER | |
| System control number | HN-98243 |
| 037 ## - SOURCE OF ACQUISITION | |
| Source of stock number/acquisition | DBAD/PUB |
| 082 ## - DEWEY DECIMAL CLASSIFICATION NUMBER | |
| Classification number | 920 |
| 100 ## - MAIN ENTRY--PERSONAL NAME | |
| Personal name | धामा , तेजपाल सिंह |
| 245 ## - TITLE STATEMENT | |
| Title | साध्वी महिलाऐं / |
| Statement of responsibility, etc | तेजपाल सिंह धामा |
| 260 ## - PUBLICATION, DISTRIBUTION, ETC. (IMPRINT) | |
| Place of publication, distribution, etc | दिल्ली |
| Name of publisher, distributor, etc | शर्मा एण्ड कंपनी |
| Date of publication, distribution, etc | 2020 |
| 270 ## - ADDRESS | |
| Address | 1/2970,गली न . -14, टॉप फ्लोर , जायसवाल मार्ग , रामनगर एक्स . |
| City | दिल्ली |
| Postal code | 110032 |
| 300 ## - PHYSICAL DESCRIPTION | |
| Extent | 157p. |
| Dimensions | 22cm(सजिल्द ) |
| 942 ## - ADDED ENTRY ELEMENTS (KOHA) | |
| Source of classification or shelving scheme | Dewey Decimal Classification |
| Item type | Hindi Books |
| Classification part | 920 धामाते |
No items available.
